Kunstgeschichte Epochen - Statistiken

Allgemein
  • Dieses Quiz wurde 10 mal gespielt
  • Das Durchschnittsergebnis liegt bei 5 aus 22
Antwortstatistiken
Hint Antwort % Korrekt
Surrealismus Ab 1920
83%
Pop art Ab 1950
67%
Karolingische kunst 740-900
33%
Gotik 1150-1500
17%
Renaissance 1400-1600
17%
Barock 1600-1720
17%
Rokoko 1720-1770
17%
Klassizismus 1770-1840
17%
Realismus 1848-1900
17%
Jugendstil 1890-1910
17%
Expressionismus 1905-1925
17%
Impressionismus 19. jahrhundert
17%
Ägyptische Kunst 3000 v. Chr. - 395 n. Chr.
17%
Römische antike 500 v. Chr. - 500 n. Chr.
17%
Griechische antike 800v. Chr. - 500 n. Chr.
17%
Gotik in Frankreich Ab 1140
17%
Gotik in England Ab 1160
17%
Gotik in Deutschland und Italien Ab 1230
17%
Steinzeit Vor 30 000 jahren
17%
Manierismus 1520-1600
0%
Romanik 950-1250
0%
Kubismus Anfang 20. jahrhundert
0%
Keine übereinstimmenden Quizze gefunden
Verteilung der Resultate
Anzahl Personen mit jedem Resultat
Perzentil nach korrekt beantworteten Fragen
Ihre Resultats-Entwicklung
Sie haben dieses Quiz noch nicht gespielt